00657nmm a2200193Ia 4500008004100000020001800041041000800059100002000067245009800087264005800185300001800243490003500261650003600296700002000332700003600352856005100388942000700439999001700446251105s9999||||xx |||||||||||||||||und|| a9788491920670 aspa aHurch, Bernhard 0aConversación en lengua huasteca :b Un manuscrito de las primeras décadas del siglo XVIII a[Madrid, España] :bIberoamericana Vervuert, c2020 a291 páginas aEl Paraíso en el Nuevo Mundo aOther Literatures and languages aHurch, Bernhard1 a Meléndez Guadarrama, Lucero uhttps://public.digitaliapublishing.com/a/70139 cCF c67026d67026